000 00595nam a2200181Ia 4500
005 20250508155834.0
008 008 250505s9999 xx 000 0 eng d
037 _aDissertations
040 _aFEDL
_beng
_cFEDL
041 _aeng
_2eng
084 _a371.89, SHA/DI
_qFEDL
100 _aSharma Sarla
_9767623
245 0 _aInvestigation into the provision for extra-curricular activities in high and higher secondary schools in Delhi
260 _c1956
546 _aM.Ed. Dessertation, 1956 (Delhi University)
942 _cDIS
_h371.89, SHA/DI
999 _c1359553
_d1359553